| 000 | 00647nam a2200193Ia 4500 | ||
|---|---|---|---|
| 003 | GCL | ||
| 008 | 140319s9999 xx 000 0 ara d | ||
| 040 |
_aGCL / _cGCL |
||
| 082 | 0 | 4 |
_a658.049 _bك م |
| 100 | 1 | _aكمال حمدى ابوالخير | |
| 245 | 1 | 0 |
_aمبادىء الادارة الدولية: النظرية والتطبيق / _cكمال حمدى ابوالخير |
| 300 | _a661 ص | ||
| 490 |
_aالهيئة العامة للاستعلامات _v0 |
||
| 650 | 0 | 4 | _aادارة الاعمال |
| 650 | 0 | 4 | _aالادارة |
| 650 | 0 | 4 | _aالمنظمات الدولية |
| 650 | 0 | 4 | _aالادارة الدولية |
| 942 |
_2ddc _cBK |
||
| 999 |
_c46581 _d46581 |
||